|
|
|
|
| LEADER |
00763cam a2200205 7i4500 |
| 001 |
0000035245 |
| 005 |
20180924090000.0 |
| 006 |
## mgq z f |
| 007 |
##cc cg# auaap |
| 090 |
0 |
0 |
|a PHOT 400.
|b M 2018 (DVD)
|
| 100 |
1 |
# |
|a Mohd Nazri Che Razak
|e Project Officer
|
| 245 |
1 |
0 |
|a Majlis Gotong-royang dan Agihan Bubur Lambuk MATRADE 2018
|c Kuala Lumpur.
|
| 264 |
3 |
0 |
|a Kuala Lumpur:
|b MATRADE,
|c 2018.
|
| 300 |
# |
# |
|a DVD-RW (244 photographs):
|b illustration, color;
|c 4 <U+00BE> in..
|
| 336 |
# |
# |
|a still image
|b sti
|2 rdacontent
|
| 337 |
# |
# |
|a computer
|b c
|2 rdamedia
|
| 338 |
# |
# |
|a computer disc
|b cd
|2 rdacarrier
|
| 347 |
# |
# |
|a image file
|b JPEG
|2 rda
|
| 650 |
1 |
0 |
|a MATRADE --
|x Photograph Collections --
|y 2018
|
| 999 |
|
|
|a PC00001762
|b Photographs
|c Photographs
|e Business Information Centre
|